000 01910nam a2200445 a 4500
999 _c73999
_d73999
003 BLK
005 20241213095107.0
008 180408b bul|||||r ||||||| ||bul||
010 _aKNG00078395000
020 _a978-954-308-174-5
040 _aBLK
041 _aBUL
_cBUL
080 _aПаметници на културата на историческите периоди. Археологическите паметници. Старини
_b904
_x(100)
_z904(100)
080 _aАрхитектура
_b72
_x(100)
_z72(100)
100 1 _aSteele, Philip
_eпърви автор
_9284434
139 _aСтийл, Филип
_bС 76
245 1 0 _aЧудесата на света
_c* Филип Стийл; Philip Steele; прев. Михаела Михайлова.
257 _aGBR
260 _bПрес
_c2007
_aСофия
300 _a64 с.
_bс цв. ил.
_c29 см
380 _aDN
490 _aБиблиотека Знание
_v18
_9202259
490 _aKingfisher
_9203602
500 _aОриг. загл. Wonders of the World / Philip Steele. - Авт. отбелязан на гърба на загл. с. - Офс. изд. - Съдържа и Речник. - Азб. показалец.
650 4 _aПаметници на културата
_9263565
650 4 _aАрхитектурни паметници
_9272079
653 _aархитектура
653 _aпаметници на културата
653 _aлитература за деца
653 _aдетска литература
700 1 _aСтийл, Филип
_e*
_9368748
700 1 _aМихайлова, Михаела
_eпрев.
_9367017
852 _aЦб ІІ 14180
_bЦб
856 4 _qpdf
856 4 _qpdf
942 _cKNG
_n0
_07
_s1
944 _aCR
_c18.10.2007
_lЦветелина Шанова
_k30531
944 _aED
_c23.01.2014
_lф /
999 _d73999